Online Catalogue and eLibrary

Ambai kathaigal (Record no. 5993)

MARC details
000 -LEADER
fixed length control field 00414nam a22001697a 4500
005 - DATE AND TIME OF LATEST TRANSACTION
control field 20250317055110.0
008 - FIXED-LENGTH DATA ELEMENTS--GENERAL INFORMATION
fixed length control field 250317b |||||||| |||| 00| 0 eng d
020 ## - INTERNATIONAL STANDARD BOOK NUMBER
ISBN 9789352440726
082 ## - DDC Classification
DDC Edition Number 22
Class No. 894
Item Number - Author Mark AMB
100 ## - MAIN ENTRY--PERSONAL NAME
Personal name Lakshmi S.C.
245 ## - TITLE STATEMENT
Title Ambai kathaigal
250 ## - EDITION STATEMENT
Edition statement 2nd
260 ## - PUBLICATION, DISTRIBUTION, ETC.
Place of publication, distribution, etc. Nagar coil
Name of publisher, distributor, etc. Kalachuvadu Publication
Date of publication, distribution, etc. 2017
300 ## - PHYSICAL DESCRIPTION
Extent (e.g. Volumes, Pages etc.) 943 p .,
500 ## - GENERAL NOTE
General note 42 year short stories
942 ## - Koha item type (Biblio)
Koha item type Books in Stacks (Lending)
Holdings
Lost status Damaged status Collection code Home library Current library Date acquired Full call number Accession Number Item type
    Lending WERC Library WERC Library 03/17/2025 894 AMB 7082 Books in Stacks (Lending)

© WERC Library